[Event "-chT Youth Countries 2019"]
[Site "Wuerzburg"]
[Date "2019.10.04"]
[Round "4.3"]
[White "Grund, Sebastian"]
[Black "Popist, Florian"]
[Result "0-1"]
[WhiteElo "2054"]
[BlackElo "2019"]
[Annotator "NA"]
[PlyCount "74"]
[EventDate "2019.10.02"]
[EventType "team-tourn"]
[EventRounds "7"]
[EventCountry "GER"]
[SourceTitle "playchess.com"]
[Source "ChessBase"]
[SourceQuality "1"]
[WhiteTeam "Thüringen"]
[BlackTeam "Hamburg/Schleswig-Holstein"]
[TimeControl "40/5400+30:1800+30"]

1. d4 {[%emt 0:00:00]} d5 {[%emt 0:00:00]} 2. c4 {[%emt 0:00:00]} e6 {[%emt 0:00:00]} 3. Nf3 {[%emt 0:00:00]} Nf6 {[%emt 0:00:00]} 4. g3 {[%emt 0:00:09]} dxc4 {[%emt 0:00:07]} 5. Bg2 {[%emt 0:00:32]} Nc6 {[%emt 0:00:08]} 6. O-O {[%emt 0:00:31]} Rb8 {[%emt 0:00:18]} 7. Nc3 {[%emt 0:13:23]} b5 {[%emt 0:00:27]} 8. Re1 {[%emt 0:15:02]} Be7 {[%emt 0:01:39]} 9. e4 {[%emt 0:01:10]} O-O {[%emt 0:00:44]} 10. Bf4 {[%emt 0:06:15]} Nb4 {[%emt 0:10:27]} 11. Ne5 {[%emt 0:01:30]} Nd7 {[%emt 0:03:13]} 12. Qg4 {[%emt 0:10:47]} Nxe5 {[%emt 0:04:41]} 13. dxe5 {[%emt 0:00:27]} Kh8 {[%emt 0:01:48]} 14. Red1 {[%emt 0:02:19]} Qe8 {[%emt 0:06:55]} 15. Bf1 {[%emt 0:04:40]} a6 {[%emt 0:02:46]} 16. Rd2 {[%emt 0:04:09]} Bb7 {[%emt 0:02:27]} 17. Rad1 {[%emt 0:01:31]} Rd8 {[%emt 0:01:38]} 18. h4 {[%emt 0:02:40]} Rxd2 {[%emt 0:10:03]} 19. Rxd2 {[%emt 0:00:07]} Qc8 {[%emt 0:01:02]} 20. a3 {[%emt 0:06:05]} Nc6 {[%emt 0:02:03]} 21. a4 {[%emt 0:01:19]} b4 {[%emt 0:09:46]} 22. Nb1 {[%emt 0:01:47]} Na5 {[%emt 0:00:28]} 23. Be3 {[%emt 0:00:51]} Bc6 {[%emt 0:02:40]} 24. h5 {[%emt 0:01:45]} h6 {[%emt 0:01:14]} 25. Rc2 {[%emt 0:01:40]} Bxa4 {[%emt 0:00:49]} 26. Rc1 {[%emt 0:00:07]} Bb5 {[%emt 0:07:57]} 27. Nd2 {[%emt 0:00:23]} c5 {[%emt 0:02:55]} 28. Nxc4 {[%emt 0:00:39]} Nxc4 {[%emt 0:02:37]} 29. Bxc4 {[%emt 0:00:06]} Bxc4 {[%emt 0:00:49]} 30. Rxc4 {[%emt 0:00:07]} a5 {[%emt 0:00:13]} 31. Qd1 {[%emt 0:02:57]} Qc6 {[%emt 0:01:07]} 32. Qc1 {[%emt 0:01:03]} Rc8 {[%emt 0:03:49]} 33. f4 {[%emt 0:01:03]} a4 {[%emt 0:07:11]} 34. f5 {[%emt 0:01:10]} exf5 {[%emt 0:03:26]} 35. exf5 {[%emt 0:00:14]} Qf3 {[%emt 0:00:18]} 36. g4 {[%emt 0:09:17]} Rd8 {[%emt 0:03:20]} 37. Bd2 {[%emt 0:04:58]} Bg5 {[%emt 0:03:12] normal} 0-1

[Event "-chT Youth Countries 2019"]
[Site "Wuerzburg"]
[Date "2019.10.04"]
[Round "4.4"]
[White "Lutz, Ruben"]
[Black "Post, Hugo"]
[Result "1/2-1/2"]
[WhiteElo "2112"]
[BlackElo "2204"]
[Annotator "NA"]
[PlyCount "71"]
[EventDate "2019.10.02"]
[EventType "team-tourn"]
[EventRounds "7"]
[EventCountry "GER"]
[SourceTitle "playchess.com"]
[Source "ChessBase"]
[SourceQuality "1"]
[WhiteTeam "Sachsen"]
[BlackTeam "Sachsen-Anhalt"]
[TimeControl "40/5400+30:1800+30"]

1. d4 {[%emt 0:00:00]} Nf6 {[%emt 0:00:00]} 2. Bf4 {[%emt 0:00:00]} e6 {[%emt 0:00:02]} 3. e3 {[%emt 0:00:07]} c5 {[%emt 0:00:16]} 4. c3 {[%emt 0:00:26]} d5 {[%emt 0:00:22]} 5. Nd2 {[%emt 0:01:36]} Bd6 {[%emt 0:00:39]} 6. Bg3 {[%emt 0:00:37]} O-O {[%emt 0:01:34]} 7. Ngf3 {[%emt 0:00:20]} Qc7 {[%emt 0:03:15]} 8. Bd3 {[%emt 0:07:11]} Nbd7 {[%emt 0:01:41]} 9. O-O {[%emt 0:00:53]} b6 {[%emt 0:01:54]} 10. Bxd6 {[%emt 0:05:06]} Qxd6 {[%emt 0:00:08]} 11. e4 {[%emt 0:00:24]} e5 {[%emt 0:22:42]} 12. dxe5 {[%emt 0:17:22]} Nxe5 {[%emt 0:00:18]} 13. Nxe5 {[%emt 0:00:11]} Qxe5 {[%emt 0:00:04]} 14. f4 {[%emt 0:00:35]} Qe7 {[%emt 0:01:18]} 15. e5 {[%emt 0:01:32]} Ng4 {[%emt 0:01:27]} 16. Qe2 {[%emt 0:00:08]} c4 {[%emt 0:15:32]} 17. Bb1 {[%emt 0:09:33]} f6 {[%emt 0:01:20]} 18. h3 {[%emt 0:16:39]} Nh6 {[%emt 0:00:25]} 19. Nf3 {[%emt 0:00:56]} Nf7 {[%emt 0:11:13]} 20. Bc2 {[%emt 0:03:44]} Bd7 {[%emt 0:02:59]} 21. Rad1 {[%emt 0:02:31]} Qc5+ {[%emt 0:01:35]} 22. Kh2 {[%emt 0:05:25]} Rae8 {[%emt 0:00:42]} 23. Rfe1 {[%emt 0:01:45]} Bc8 {[%emt 0:06:58]} 24. Qd2 {[%emt 0:01:22]} fxe5 {[%emt 0:01:35]} 25. fxe5 {[%emt 0:00:20]} Qc7 {[%emt 0:00:27]} 26. Qd4 {[%emt 0:03:43]} Be6 {[%emt 0:07:20]} 27. Qh4 {[%emt 0:01:46]} g6 {[%emt 0:01:58]} 28. Kh1 {[%emt 0:02:33]} Qd8 {[%emt 0:02:15]} 29. Qg3 {[%emt 0:01:44]} Kg7 {[%emt 0:03:14]} 30. Nd4 {[%emt 0:01:06]} Qg5 {[%emt 0:02:03]} 31. Qxg5 {[%emt 0:02:05]} Nxg5 {[%emt 0:00:05]} 32. h4 {[%emt 0:00:56]} Nf7 {[%emt 0:02:22]} 33. Ba4 {[%emt 0:00:27]} Re7 {[%emt 0:00:05]} 34. Nxe6+ {[%emt 0:00:22]} Rxe6 {[%emt 0:00:04]} 35. Rxd5 {[%emt 0:00:06]} Rd8 {[%emt 0:04:01]} 36. Bd7 {[%emt 0:07:47] normal} 1/2-1/2

[Event "-chT Youth Countries 2019"]
[Site "Wuerzburg"]
[Date "2019.10.04"]
[Round "4.4"]
[White "Bakiev, Diyor"]
[Black "Glinzner, Alva"]
[Result "1/2-1/2"]
[WhiteElo "2088"]
[BlackElo "1897"]
[Annotator "NA"]
[PlyCount "82"]
[EventDate "2019.10.02"]
[EventType "team-tourn"]
[EventRounds "7"]
[EventCountry "GER"]
[SourceTitle "playchess.com"]
[Source "ChessBase"]
[SourceQuality "1"]
[WhiteTeam "Hessen"]
[BlackTeam "Schleswig-Holstein"]
[TimeControl "40/5400+30:1800+30"]

1. e4 {[%emt 0:00:00]} c6 {[%emt 0:00:00]} 2. d4 {[%emt 0:00:00]} d5 {[%emt 0:00:03]} 3. exd5 {[%emt 0:00:02]} cxd5 {[%emt 0:00:05]} 4. c4 {[%emt 0:00:32]} Nf6 {[%emt 0:00:27]} 5. Nc3 {[%emt 0:00:12]} g6 {[%emt 0:00:42]} 6. Qb3 {[%emt 0:00:59]} Bg7 {[%emt 0:01:22]} 7. cxd5 {[%emt 0:00:20]} O-O {[%emt 0:00:35]} 8. Nge2 {[%emt 0:00:59]} Nbd7 {[%emt 0:02:29]} 9. g3 {[%emt 0:02:24]} Nb6 {[%emt 0:01:34]} 10. Bg2 {[%emt 0:00:35]} Ne8 {[%emt 0:04:41]} 11. O-O {[%emt 0:04:50]} Nd6 {[%emt 0:00:53]} 12. Bf4 {[%emt 0:04:10]} a6 {[%emt 0:05:03]} 13. a4 {[%emt 0:11:07]} Bf5 {[%emt 0:07:12]} 14. a5 {[%emt 0:13:36]} Nbc8 {[%emt 0:05:13]} 15. Rfd1 {[%emt 0:04:41]} Qd7 {[%emt 0:09:52]} 16. Rac1 {[%emt 0:08:20]} h6 {[%emt 0:07:03]} 17. Qa4 {[%emt 0:13:55]} Qd8 {[%emt 0:00:50]} 18. b4 {[%emt 0:02:27]} g5 {[%emt 0:03:13]} 19. Be3 {[%emt 0:04:42]} Bg6 {[%emt 0:09:27]} 20. Qb3 {[%emt 0:03:47]} Rb8 {[%emt 0:09:16]} 21. Na4 {[%emt 0:04:54]} Nb5 {[%emt 0:03:54]} 22. Nec3 {[%emt 0:03:43]} Ncd6 {[%emt 0:02:52]} 23. Nb6 {[%emt 0:03:08]} Nxc3 {[%emt 0:01:18]} 24. Rxc3 {[%emt 0:01:11]} Bf5 {[%emt 0:01:16]} 25. Rcc1 {[%emt 0:04:12]} Nb5 {[%emt 0:05:18]} 26. Qb2 {[%emt 0:01:01]} Nd6 {[%emt 0:03:14]} 27. Qe2 {[%emt 0:01:13]} Nb5 {[%emt 0:05:51]} 28. Kh1 {[%emt 0:03:18]} Qd6 {[%emt 0:01:27]} 29. Qd2 Rfd8 {[%emt 0:01:53]} 30. f4 {[%emt 0:02:18]} g4 {[%emt 0:00:40]} 31. Bf2 {[%emt 0:00:36]} Qg6 {[%emt 0:00:44]} 32. Re1 {[%emt 0:00:48]} Bf6 {[%emt 0:01:09]} 33. Rcd1 {[%emt 0:01:26]} Bc2 {[%emt 0:01:16]} 34. Rc1 {[%emt 0:00:04]} Bf5 {[%emt 0:00:11]} 35. Rcd1 {[%emt 0:00:14]} Bc2 {[%emt 0:00:07]} 36. Rc1 {[%emt 0:00:04]} Bf5 {[%emt 0:00:16]} 37. Na4 {[%emt 0:01:32]} Qg7 {[%emt 0:01:31]} 38. Be4 {[%emt 0:01:06]} Bxe4+ {[%emt 0:01:13]} 39. Rxe4 {[%emt 0:00:02]} Rxd5 {[%emt 0:00:21]} 40. Nb6 {[%emt 0:00:34]} Rdd8 {[%emt 0:00:44]} 41. d5 {[%emt 0:05:35]} Qg6 {[%emt 0:11:01] normal} 1/2-1/2

[Event "-chT Youth Countries 2019"]
[Site "Wuerzburg"]
[Date "2019.10.04"]
[Round "4.4"]
[White "Boder, Jan"]
[Black "Lohvinov, Petro"]
[Result "1/2-1/2"]
[WhiteElo "2087"]
[BlackElo "2117"]
[Annotator "ChessBase"]
[PlyCount "72"]
[EventDate "2019.10.02"]
[EventType "team-tourn"]
[EventRounds "7"]
[EventCountry "GER"]
[SourceTitle "playchess.com"]
[Source "ChessBase"]
[SourceQuality "1"]
[WhiteTeam "Rheinland-Pfalz"]
[BlackTeam "Bayern 1"]
[TimeControl "40/5400+30:1800+30"]

1. c4 {[%emt 0:00:00]} Nf6 {[%emt 0:00:00]} 2. g3 {[%emt 0:00:00]} g6 {[%emt 0:00:00]} 3. Bg2 {[%emt 0:00:00]} Bg7 {[%emt 0:00:00]} 4. Nc3 {[%emt 0:00:05]} O-O {[%emt 0:00:00]} 5. e4 {[%emt 0:00:23]} d6 {[%emt 0:00:06]} 6. Nge2 {[%emt 0:00:08]} c5 {[%emt 0:00:06]} 7. d3 {[%emt 0:00:06]} Nc6 {[%emt 0:00:06]} 8. O-O {[%emt 0:00:05]} a6 {[%emt 0:00:54]} 9. f4 {[%emt 0:04:19]} Ne8 {[%emt 0:15:49]} 10. Be3 {[%emt 0:02:24]} Nd4 {[%emt 0:09:40]} 11. Rb1 {[%emt 0:05:45]} Bg4 {[%emt 0:12:19]} 12. h3 {[%emt 0:01:51]} Bxe2 {[%emt 0:00:23]} 13. Nxe2 {[%emt 0:00:08]} Nxe2+ {[%emt 0:04:56]} 14. Qxe2 {[%emt 0:00:29]} a5 {[%emt 0:03:27]} 15. e5 {[%emt 0:10:38]} dxe5 {[%emt 0:06:33]} 16. Bxc5 {[%emt 0:01:22]} Rc8 {[%emt 0:07:07]} 17. Ba3 {[%emt 0:00:38]} Qd4+ {[%emt 0:13:21]} 18. Kh2 {[%emt 0:05:32]} Nd6 {[%emt 0:01:57]} 19. Bxd6 {[%emt 0:01:47]} Qxd6 {[%emt 0:00:30]} 20. f5 {[%emt 0:03:09]} Rcd8 {[%emt 0:03:26]} 21. Rbd1 {[%emt 0:01:42]} b6 {[%emt 0:02:17]} 22. b3 {[%emt 0:03:03]} Qd4 {[%emt 0:05:06]} 23. Be4 {[%emt 0:08:35]} Rd6 {[%emt 0:02:33]} 24. Rf3 {[%emt 0:05:45]} Rf6 {[%emt 0:01:27]} 25. Rdf1 {[%emt 0:02:24]} Rd8 {[%emt 0:01:51]} 26. h4 {[%emt 0:02:11]} gxf5 {[%emt 0:05:22]} 27. Bxf5 {[%emt 0:00:55]} Kh8 {[%emt 0:00:11]} 28. Be4 {[%emt 0:03:16]} Rdd6 {[%emt 0:01:54]} 29. g4 {[%emt 0:01:20]} Rxf3 {[%emt 0:00:34]} 30. Rxf3 {[%emt 0:00:04]} Rf6 {[%emt 0:00:22]} 31. Rxf6 {[%emt 0:00:21]} Bxf6 {[%emt 0:01:21]} 32. g5 {[%emt 0:00:11]} Bg7 {[%emt 0:00:04]} 33. Qf3 {[%emt 0:00:40]} Qb2+ {[%emt 0:01:31]} 34. Kh3 {[%emt 0:00:18]} Kg8 {[%emt 0:00:52]} 35. Qf5 {[%emt 0:00:45]} Qxa2 {[%emt 0:00:45]} 36. h5 {[%emt 0:02:29]} Qe2 {[%emt 0:00:31] normal} 1/2-1/2

[Event "-chT Youth Countries 2019"]
[Site "Wuerzburg"]
[Date "2019.10.04"]
[Round "4.4"]
[White "Ravina, David"]
[Black "Muller, Magnus"]
[Result "1/2-1/2"]
[WhiteElo "2087"]
[BlackElo "1478"]
[Annotator "NA"]
[PlyCount "67"]
[EventDate "2019.10.02"]
[EventType "team-tourn"]
[EventRounds "7"]
[EventCountry "GER"]
[SourceTitle "playchess.com"]
[Source "ChessBase"]
[SourceQuality "1"]
[WhiteTeam "Hamburg/Schleswig-Holstein"]
[BlackTeam "Thüringen"]
[TimeControl "40/5400+30:1800+30"]

1. e4 {[%emt 0:00:00]} c5 {[%emt 0:00:00]} 2. Nf3 {[%emt 0:00:56]} Nc6 {[%emt 0:00:00]} 3. Bb5 {[%emt 0:00:21]} d6 {[%emt 0:00:38]} 4. Bxc6+ {[%emt 0:00:16]} bxc6 {[%emt 0:00:06]} 5. d3 {[%emt 0:04:15]} e5 {[%emt 0:10:38]} 6. O-O {[%emt 0:02:59]} Be7 {[%emt 0:01:00]} 7. Nbd2 {[%emt 0:00:32]} f5 {[%emt 0:08:07]} 8. exf5 {[%emt 0:00:37]} Bxf5 {[%emt 0:00:11]} 9. Ne4 {[%emt 0:00:24]} Nf6 {[%emt 0:01:07]} 10. Ng3 {[%emt 0:01:03]} Bg4 {[%emt 0:15:47]} 11. h3 {[%emt 0:08:46]} Bd7 {[%emt 0:00:28]} 12. Nh4 {[%emt 0:19:27]} O-O {[%emt 0:01:56]} 13. Nhf5 {[%emt 0:01:46]} Nd5 {[%emt 0:02:25]} 14. Qg4 {[%emt 0:04:53]} g6 {[%emt 0:02:22]} 15. Nxe7+ {[%emt 0:00:34]} Qxe7 {[%emt 0:00:55]} 16. Qg5 {[%emt 0:00:43]} Qe6 {[%emt 0:13:29]} 17. Bd2 {[%emt 0:11:37]} Rab8 {[%emt 0:02:34]} 18. b3 {[%emt 0:00:25]} Nf4 {[%emt 0:04:02]} 19. Rae1 {[%emt 0:02:20]} Qd5 {[%emt 0:03:51]} 20. Bxf4 {[%emt 0:01:27]} Rxf4 {[%emt 0:00:29]} 21. Nh5 {[%emt 0:00:17]} Rf5 {[%emt 0:01:10]} 22. Nf6+ {[%emt 0:00:07]} Kf7 {[%emt 0:00:29]} 23. Qxf5 {[%emt 0:00:09]} gxf5 {[%emt 0:00:12]} 24. Nxd5 {[%emt 0:00:08]} cxd5 {[%emt 0:00:05]} 25. f4 {[%emt 0:01:44]} Kf6 {[%emt 0:00:52]} 26. Kf2 {[%emt 0:05:17]} Rg8 {[%emt 0:01:37]} 27. Re3 {[%emt 0:10:09]} Bc6 {[%emt 0:04:40]} 28. Rfe1 {[%emt 0:07:11]} Re8 {[%emt 0:03:45]} 29. g4 {[%emt 0:03:43]} e4 {[%emt 0:03:41]} 30. Kg3 {[%emt 0:06:09]} d4 {[%emt 0:01:40]} 31. R3e2 {[%emt 0:00:12]} e3 {[%emt 0:00:09]} 32. a3 {[%emt 0:01:34]} a5 {[%emt 0:02:38]} 33. g5+ {[%emt 0:03:01]} Kg6 {[%emt 0:01:12]} 34. h4 {normal} 1/2-1/2

[Event "-chT Youth Countries 2019"]
[Site "Wuerzburg"]
[Date "2019.10.04"]
[Round "4.4"]
[White "Gutkin, Ilya"]
[Black "Hommer, Jeremy"]
[Result "0-1"]
[WhiteElo "2047"]
[BlackElo "2133"]
[Annotator "NA"]
[PlyCount "94"]
[EventDate "2019.10.02"]
[EventType "team-tourn"]
[EventRounds "7"]
[EventCountry "GER"]
[SourceTitle "playchess.com"]
[Source "ChessBase"]
[SourceQuality "1"]
[WhiteTeam "Nordrhein-Westfalen"]
[BlackTeam "Niedersachsen"]
[TimeControl "40/5400+30:1800+30"]

1. Nf3 {[%emt 0:00:00]} e6 {[%emt 0:00:00]} 2. c4 {[%emt 0:00:00]} b6 {[%emt 0:00:26]} 3. g3 {[%emt 0:00:02]} Bb7 {[%emt 0:00:21]} 4. Bg2 {[%emt 0:00:10]} c5 {[%emt 0:00:21]} 5. O-O {[%emt 0:01:49]} Nf6 {[%emt 0:01:09]} 6. b3 {[%emt 0:03:05]} Be7 {[%emt 0:01:54]} 7. Bb2 {[%emt 0:00:17]} d6 {[%emt 0:07:28]} 8. d4 {[%emt 0:02:14]} cxd4 {[%emt 0:00:33]} 9. Qxd4 {[%emt 0:05:06]} Nbd7 {[%emt 0:02:33]} 10. Nc3 {[%emt 0:01:06]} a6 {[%emt 0:00:07]} 11. Rfd1 {[%emt 0:06:54]} O-O {[%emt 0:02:39]} 12. Ng5 {[%emt 0:11:56]} Bxg2 {[%emt 0:09:56]} 13. Kxg2 {[%emt 0:00:49]} Qc7 {[%emt 0:10:02]} 14. Nge4 {[%emt 0:11:16]} Rfd8 {[%emt 0:10:19]} 15. Nxf6+ {[%emt 0:14:15]} Nxf6 {[%emt 0:01:12]} 16. e4 {[%emt 0:01:28]} Bf8 {[%emt 0:08:45]} 17. Rd2 {[%emt 0:16:26]} Nd7 {[%emt 0:03:39]} 18. Ba3 {[%emt 0:01:14]} Nc5 {[%emt 0:00:24]} 19. Rad1 {[%emt 0:00:56]} Rab8 {[%emt 0:08:15]} 20. Bxc5 {[%emt 0:01:50]} bxc5 {[%emt 0:03:34]} 21. Qd3 {[%emt 0:00:29]} Be7 {[%emt 0:01:38]} 22. f4 {[%emt 0:07:19]} g6 {[%emt 0:00:21]} 23. Qe3 {[%emt 0:02:05]} Qc6 {[%emt 0:08:50]} 24. Qf3 {[%emt 0:02:21]} Rd7 {[%emt 0:07:26]} 25. e5 {[%emt 0:03:12]} Qxf3+ {[%emt 0:00:10]} 26. Kxf3 {[%emt 0:00:04]} Rbd8 {[%emt 0:00:10]} 27. Na4 {[%emt 0:02:50]} d5 {[%emt 0:01:44]} 28. cxd5 {[%emt 0:00:10]} Rxd5 {[%emt 0:00:27]} 29. Rxd5 {[%emt 0:00:05]} exd5 {[%emt 0:00:45]} 30. Nb6 {[%emt 0:00:27]} d4 {[%emt 0:00:56]} 31. Ke4 {[%emt 0:01:29]} f6 {[%emt 0:00:30]} 32. Nc4 {[%emt 0:03:40]} Kf7 {[%emt 0:00:29]} 33. Rc1 {[%emt 0:00:53]} Ke6 {[%emt 0:01:20]} 34. Rc2 {[%emt 0:00:19]} f5+ {[%emt 0:01:36]} 35. Kd3 {[%emt 0:00:05]} Rb8 {[%emt 0:00:13]} 36. Nb2 {[%emt 0:00:51]} Kd5 {[%emt 0:00:13]} 37. Rc4 {[%emt 0:00:32]} g5 {[%emt 0:01:06]} 38. Ra4 {[%emt 0:00:41]} Rb6 {[%emt 0:00:07]} 39. Ra5 {[%emt 0:00:29]} gxf4 {[%emt 0:01:01]} 40. gxf4 {[%emt 0:00:30]} Rh6 {[%emt 0:02:21]} 41. Na4 {[%emt 0:02:07]} Rh3+ {[%emt 0:01:54]} 42. Ke2 {[%emt 0:00:12]} Rxh2+ {[%emt 0:00:35]} 43. Kf3 {[%emt 0:00:10]} Bh4 {[%emt 0:01:50]} 44. Nc3+ {[%emt 0:07:04]} dxc3 {[%emt 0:00:23]} 45. Rxa6 {[%emt 0:00:04]} Rh3+ {[%emt 0:02:47]} 46. Kg2 {[%emt 0:00:18]} Rg3+ {[%emt 0:00:17]} 47. Kf2 {[%emt 0:00:26]} Rg6+ {[%emt 0:00:11] normal} 0-1

[Event "-chT Youth Countries 2019"]
[Site "Wuerzburg"]
[Date "2019.10.04"]
[Round "4.4"]
[White "Deuer, Marius"]
[Black "Schumann, Rabea"]
[Result "1-0"]
[WhiteElo "1993"]
[BlackElo "1922"]
[Annotator "NA"]
[PlyCount "77"]
[EventDate "2019.10.02"]
[EventType "team-tourn"]
[EventRounds "7"]
[EventCountry "GER"]
[SourceTitle "playchess.com"]
[Source "ChessBase"]
[SourceQuality "1"]
[WhiteTeam "Württemberg"]
[BlackTeam "Mecklenburg-Vorpommern"]
[TimeControl "40/5400+30:1800+30"]

1. d4 {[%emt 0:00:00]} Nf6 {[%emt 0:00:00]} 2. c4 {[%emt 0:00:00]} g6 {[%emt 0:00:03]} 3. f3 {[%emt 0:00:00]} c5 {[%emt 0:06:14]} 4. d5 {[%emt 0:04:18]} b5 {[%emt 0:05:22]} 5. e4 {[%emt 0:02:04]} d6 6. cxb5 a6 {[%emt 0:06:51]} 7. Nc3 {[%emt 0:04:19]} Bg7 {[%emt 0:02:59]} 8. Be3 {[%emt 0:01:30]} O-O {[%emt 0:16:12]} 9. a4 Qa5 10. Ra3 {[%emt 0:06:22]} Nbd7 {[%emt 0:05:04]} 11. Nh3 {[%emt 0:03:36]} Ne5 {[%emt 0:08:48]} 12. Nf2 {[%emt 0:01:24]} Bb7 {[%emt 0:13:24]} 13. f4 {[%emt 0:05:46]} Ned7 {[%emt 0:01:12]} 14. Bd3 {[%emt 0:02:09]} axb5 {[%emt 0:07:44]} 15. axb5 {[%emt 0:01:52]} Qb4 {[%emt 0:01:02]} 16. Rb3 {[%emt 0:04:49]} Qa5 {[%emt 0:00:31]} 17. O-O {[%emt 0:05:30]} Rfc8 {[%emt 0:00:38]} 18. Bc2 {[%emt 0:05:35]} Qc7 {[%emt 0:04:30]} 19. g4 {[%emt 0:09:19]} Nb6 {[%emt 0:00:42]} 20. g5 {[%emt 0:07:42]} Nfd7 {[%emt 0:08:40]} 21. Ne2 {[%emt 0:06:58]} Nc4 {[%emt 0:00:27]} 22. Bc1 {[%emt 0:04:48]} Ndb6 {[%emt 0:02:51]} 23. Rh3 {[%emt 0:02:53]} Qd7 24. Nc3 Bd4 {[%emt 0:03:24]} 25. Kg2 {[%emt 0:02:40]} e6 {[%emt 0:03:10]} 26. Qg4 {[%emt 0:11:36]} exd5 {[%emt 0:00:52]} 27. Qh4 {[%emt 0:00:30]} f6 {[%emt 0:01:46]} 28. gxf6 {[%emt 0:02:27]} Bxf2 {[%emt 0:00:09]} 29. Rxf2 {[%emt 0:01:18]} dxe4 {[%emt 0:00:37]} 30. Bxe4 {[%emt 0:00:23]} Bxe4+ {[%emt 0:00:51]} 31. Nxe4 {[%emt 0:03:17]} Rf8 {[%emt 0:00:34]} 32. Ng5 {[%emt 0:00:42]} Rxf6 {[%emt 0:00:38]} 33. Nxh7 {[%emt 0:00:32]} Rf7 {[%emt 0:00:06]} 34. Nf6+ {[%emt 0:00:10]} Rxf6 {[%emt 0:00:48]} 35. Qxf6 {[%emt 0:01:03]} Qb7+ {[%emt 0:00:25]} 36. Kg3 {[%emt 0:00:37]} Qg7 {[%emt 0:00:15]} 37. Qe6+ {[%emt 0:01:23]} Kf8 {[%emt 0:00:29]} 38. b3 {[%emt 0:00:10]} Ra3 39. Bxa3 {normal} 1-0

[Event "-chT Youth Countries 2019"]
[Site "Wuerzburg"]
[Date "2019.10.04"]
[Round "4.4"]
[White "Danninger, Jannik"]
[Black "Eilenberg, Jonas"]
[Result "0-1"]
[WhiteElo "1990"]
[BlackElo "2050"]
[Annotator "NA"]
[PlyCount "95"]
[EventDate "2019.10.02"]
[EventType "team-tourn"]
[EventRounds "7"]
[EventCountry "GER"]
[SourceTitle "playchess.com"]
[Source "ChessBase"]
[SourceQuality "1"]
[WhiteTeam "Bayern 2"]
[BlackTeam "Berlin"]
[TimeControl "40/5400+30:1800+30"]

1. e4 {[%emt 0:00:00]} c5 {[%emt 0:00:00]} 2. Nf3 {[%emt 0:00:00]} Nc6 {[%emt 0:00:00]} 3. d4 {[%emt 0:00:00]} cxd4 {[%emt 0:00:00]} 4. Nxd4 {[%emt 0:00:06]} Nf6 {[%emt 0:00:00]} 5. Nc3 {[%emt 0:00:23]} e5 {[%emt 0:00:00]} 6. Ndb5 {[%emt 0:00:18]} d6 {[%emt 0:00:07]} 7. Bg5 {[%emt 0:01:16]} a6 {[%emt 0:00:04]} 8. Na3 {[%emt 0:00:17]} b5 {[%emt 0:00:01]} 9. Bxf6 {[%emt 0:00:45]} gxf6 {[%emt 0:00:09]} 10. Nd5 {[%emt 0:00:08]} Bg7 {[%emt 0:00:25]} 11. Qh5 {[%emt 0:00:57]} f5 {[%emt 0:07:48]} 12. Bd3 {[%emt 0:00:13]} Be6 {[%emt 0:08:54]} 13. O-O {[%emt 0:01:02]} f4 {[%emt 0:05:00]} 14. c3 {[%emt 0:04:43]} O-O {[%emt 0:09:24]} 15. Nc2 {[%emt 0:00:51]} f5 {[%emt 0:09:40]} 16. Ne1 {[%emt 0:08:10]} Bxd5 {[%emt 0:02:45]} 17. exd5 {[%emt 0:00:11]} Ne7 {[%emt 0:00:07]} 18. Nf3 {[%emt 0:02:18]} h6 {[%emt 0:02:28]} 19. Nh4 {[%emt 0:02:10]} Qe8 {[%emt 0:03:08]} 20. Qe2 {[%emt 0:02:19]} e4 {[%emt 0:01:15]} 21. Bc2 {[%emt 0:01:26]} Bf6 {[%emt 0:03:03]} 22. Nxf5 {[%emt 0:01:55]} Nxf5 {[%emt 0:00:29]} 23. Bxe4 {[%emt 0:00:27]} Bg7 {[%emt 0:02:18]} 24. Rfe1 {[%emt 0:03:18]} Qf7 {[%emt 0:06:39]} 25. Rad1 {[%emt 0:05:35]} Rae8 {[%emt 0:02:16]} 26. Qg4 {[%emt 0:02:52]} Ne3 {[%emt 0:03:41]} 27. fxe3 {[%emt 0:04:18]} Rxe4 {[%emt 0:00:10]} 28. exf4 {[%emt 0:02:11]} Rxe1+ {[%emt 0:01:01]} 29. Rxe1 {[%emt 0:00:12]} Qxf4 {[%emt 0:00:14]} 30. Qxf4 {[%emt 0:01:21]} Rxf4 {[%emt 0:00:02]} 31. Re8+ {[%emt 0:02:11]} Kf7 {[%emt 0:00:47]} 32. Ra8 {[%emt 0:01:24]} Rf5 {[%emt 0:00:43]} 33. Ra7+ {[%emt 0:01:07]} Kf6 {[%emt 0:00:34]} 34. Rxa6 {[%emt 0:00:05]} Rxd5 {[%emt 0:00:04]} 35. Kf1 {[%emt 0:02:01]} Ke6 {[%emt 0:01:17]} 36. Ke2 {[%emt 0:00:39]} Rg5 {[%emt 0:02:15]} 37. Kf3 {[%emt 0:00:53]} Rf5+ {[%emt 0:00:22]} 38. Ke2 {[%emt 0:00:52]} Be5 {[%emt 0:00:07]} 39. h3 {[%emt 0:00:38]} Bg3 {[%emt 0:00:07]} 40. b3 {[%emt 0:02:34]} h5 {[%emt 0:01:26]} 41. a4 {[%emt 0:32:10]} bxa4 {[%emt 0:30:58]} 42. Rxa4 {[%emt 0:00:15]} h4 {[%emt 0:00:50]} 43. Re4+ {[%emt 0:01:11]} Kd5 {[%emt 0:02:35]} 44. Kd3 {[%emt 0:00:17]} Rf2 {[%emt 0:00:42]} 45. Re2 {[%emt 0:01:03]} Rxe2 {[%emt 0:00:19]} 46. Kxe2 {[%emt 0:00:06]} Ke4 {[%emt 0:00:02] normal} 47. Kd2 {[%emt 0:03:53]} Be5 {[%emt 0:01:40]} 48. b4 {[%emt 0:01:21] normal} 0-1